[Event "España 1a División 2014"]
[Site "Linares ESP"]
[Date "2014.09.09"]
[Round "8.1"]
[White "Cano Sanchez, Josue"]
[Black "Larino Nieto, David"]
[Result "1/2-1/2"]
[WhiteElo "2367"]
[BlackElo "2445"]
[PlyCount "82"]
[EventDate "2014.09.04"]
[EventType "team-tourn"]
[EventRounds "9"]
[EventCountry "ESP"]
[Source "lmi"]
[SourceDate "2014.09.04"]
[WhiteTeam "C.A. SILLA – LOPEZ INSTALACIONES"]
[BlackTeam "VTI ATOCHA"]

1. Nf3 g6 2. d4 Bg7 3. c3 d6 4. e4 c6 5. Bd3 e5 6. Nbd2 Qc7 7. a4 exd4 8. cxd4
Nf6 9. O-O O-O 10. b4 Re8 11. h3 Nbd7 12. Bb2 d5 13. e5 Nh5 14. Re1 Nf4 15. Bf1
a5 16. b5 c5 17. dxc5 Nxc5 18. Nb3 Ne4 19. Qc1 Qxc1 20. Raxc1 g5 21. Nbd2 Nxd2
22. Nxd2 Bf8 23. Nb3 Bb4 24. Red1 Bf5 25. Nd4 Be4 26. f3 Bg6 27. g3 Ne6 28.
Nxe6 fxe6 29. Rc7 Rf8 30. Kg2 Rf7 31. Rxf7 Kxf7 32. Rc1 Ke8 33. Be2 Kd7 34. Bd4
h6 35. Kf2 Ba3 36. Ra1 Bb4 37. Rc1 Bf5 38. g4 Bg6 39. Ke3 Ba3 40. Ra1 Bb4 41.
Rc1 Ba3 1/2-1/2

[Event "España 1a División 2014"]
[Site "Linares ESP"]
[Date "2014.09.09"]
[Round "8.2"]
[White "Barrero Garcia, Carlos"]
[Black "Valmana Canto, Jaime"]
[Result "0-1"]
[WhiteElo "2358"]
[BlackElo "2353"]
[PlyCount "64"]
[EventDate "2014.09.04"]
[EventType "team-tourn"]
[EventRounds "9"]
[EventCountry "ESP"]
[Source "lmi"]
[SourceDate "2014.09.04"]
[WhiteTeam "OROMANA - SCHNEIDER ELECTRIC"]
[BlackTeam "C.A. EVA-MANISES"]

1. d4 Nf6 2. c4 e6 3. Nc3 Bb4 4. f3 d5 5. a3 Bxc3+ 6. bxc3 b6 7. cxd5 exd5 8.
e3 O-O 9. Bd3 Ba6 10. Bb1 Nh5 11. Ne2 Qh4+ 12. g3 Qh3 13. Qc2 g6 14. Ba2 Bxe2
15. Qxe2 Nxg3 16. hxg3 Qxh1+ 17. Kd2 c6 18. c4 Nd7 19. Bb2 Qh3 20. cxd5 cxd5
21. g4 Rac8 22. Bxd5 Rfd8 23. e4 Nf6 24. Bb3 Nxe4+ 25. Qxe4 Re8 26. Rc1 Qg2+
27. Kd3 Qxb2 28. Bxf7+ Kxf7 29. Qb7+ Kf6 30. Rxc8 Qe2+ 31. Kc3 Re3+ 32. Kb4
Qb2+ 0-1

[Event "España 1a División 2014"]
[Site "Linares ESP"]
[Date "2014.09.09"]
[Round "8.2"]
[White "Montoliu Cervero, Francisco"]
[Black "Reales Murto, Manuel Jose"]
[Result "1-0"]
[WhiteElo "2286"]
[BlackElo "2256"]
[PlyCount "71"]
[EventDate "2014.09.04"]
[EventType "team-tourn"]
[EventRounds "9"]
[EventCountry "ESP"]
[Source "lmi"]
[SourceDate "2014.09.04"]
[WhiteTeam "C.A. EVA-MANISES"]
[BlackTeam "OROMANA - SCHNEIDER ELECTRIC"]

1. e4 e6 2. d4 d5 3. Bd3 c5 4. exd5 Qxd5 5. Nc3 Qd8 6. dxc5 Bxc5 7. Nf3 Nf6 8.
O-O Nbd7 9. Qe2 O-O 10. Bf4 Nd5 11. Nxd5 exd5 12. c3 Nf6 13. Qc2 Bg4 14. Ne5
Bh5 15. Bg5 Bg6 16. Bxf6 gxf6 17. Nxg6 hxg6 18. Bxg6 Re8 19. Bd3 Re5 20. Qd2
Qf8 21. Be2 d4 22. Bf3 dxc3 23. Qxc3 Rc8 24. Qb3 b6 25. Rad1 Rce8 26. g3 R8e7
27. Kg2 a5 28. Rd3 Re1 29. Rxe1 Rxe1 30. Qc4 Qc8 31. Qf4 Kg7 32. Rd5 Qe6 33.
Rh5 Kf8 34. Rh8+ Ke7 35. Qc7+ Qd7 36. Re8+ 1-0

[Event "España 1a División 2014"]
[Site "Linares ESP"]
[Date "2014.09.09"]
[Round "8.2"]
[White "Manzano Orta, Jose Maria"]
[Black "Silva Rodriguez, Julio"]
[Result "1/2-1/2"]
[WhiteElo "2198"]
[BlackElo "2255"]
[PlyCount "81"]
[EventDate "2014.09.04"]
[EventType "team-tourn"]
[EventRounds "9"]
[EventCountry "ESP"]
[Source "lmi"]
[SourceDate "2014.09.04"]
[WhiteTeam "OROMANA - SCHNEIDER ELECTRIC"]
[BlackTeam "C.A. EVA-MANISES"]

1. d4 Nf6 2. Nf3 d5 3. c4 e6 4. Nc3 Be7 5. Bg5 h6 6. Bxf6 Bxf6 7. e3 O-O 8. Rc1
c6 9. Bd3 Nd7 10. O-O Re8 11. h3 dxc4 12. Bxc4 e5 13. Bb3 exd4 14. exd4 Nb6 15.
Re1 Bf5 16. Rxe8+ Qxe8 17. Qd2 Qd7 18. Re1 Rd8 19. Qf4 Bg6 20. Ne5 Bxe5 21.
dxe5 Qd2 22. Qxd2 Rxd2 23. Re2 Rxe2 24. Nxe2 Bd3 25. Nc3 Nc4 26. Bxc4 Bxc4 27.
f4 Kf8 28. a3 Ke7 29. Kf2 Ke6 30. Ne4 b6 31. g4 Bd5 32. Ke3 a5 33. b4 axb4 34.
axb4 f6 35. exf6 Bxe4 36. f7 Kxf7 37. Kxe4 Ke6 38. f5+ Kf6 39. Kf4 g6 40. fxg6
Kxg6 41. h4 1/2-1/2

[Event "España 1a División 2014"]
[Site "Linares ESP"]
[Date "2014.09.09"]
[Round "8.2"]
[White "Silva Rodriguez, Fernando"]
[Black "Gonzalez Marquez, Antonio Jesus"]
[Result "1-0"]
[WhiteElo "2244"]
[BlackElo "2060"]
[PlyCount "65"]
[EventDate "2014.09.04"]
[EventType "team-tourn"]
[EventRounds "9"]
[EventCountry "ESP"]
[Source "lmi"]
[SourceDate "2014.09.04"]
[WhiteTeam "C.A. EVA-MANISES"]
[BlackTeam "OROMANA - SCHNEIDER ELECTRIC"]

1. d4 e6 2. c4 Nf6 3. Nc3 Bb4 4. e3 O-O 5. Bd3 d5 6. cxd5 exd5 7. Nge2 b6 8.
O-O Bb7 9. f3 Re8 10. Qe1 c5 11. a3 cxd4 12. exd4 Bf8 13. g4 Nc6 14. Qf2 g6 15.
Bf4 a6 16. Kh1 Bg7 17. h4 h5 18. g5 Nh7 19. Bd2 Ne7 20. f4 Bc8 21. Ng3 Bh3 22.
f5 Bxf1 23. Rxf1 Nxf5 24. Nxf5 gxf5 25. Qxf5 Nf8 26. Qxf7+ Kh8 27. Qxh5+ Kg8
28. Qf7+ Kh8 29. Nxd5 Qc8 30. Qh5+ Kg8 31. Rxf8+ Kxf8 32. Bb4+ Kg8 33. Bh7+ 1-0

[Event "España 1a División 2014"]
[Site "Linares ESP"]
[Date "2014.09.10"]
[Round "9.1"]
[White "Valmana Canto, Jaime"]
[Black "Anton Guijarro, David"]
[Result "0-1"]
[WhiteElo "2353"]
[BlackElo "2609"]
[PlyCount "74"]
[EventDate "2014.09.04"]
[EventType "team-tourn"]
[EventRounds "9"]
[EventCountry "ESP"]
[Source "lmi"]
[SourceDate "2014.09.04"]
[WhiteTeam "C.A. EVA-MANISES"]
[BlackTeam "VTI ATOCHA"]

1. d4 Nf6 2. c4 e6 3. Nc3 Bb4 4. e3 O-O 5. Bd3 d5 6. cxd5 exd5 7. Nge2 Re8 8.
O-O Bd6 9. f3 c5 10. Qe1 Nc6 11. Qf2 a6 12. Bd2 Be6 13. Kh1 Rc8 14. Rad1 b5 15.
g4 g6 16. Ng3 Nd7 17. Nf5 Bf8 18. Ne2 Qf6 19. Rg1 Kh8 20. dxc5 Nde5 21. Bc3 b4
22. g5 Qd8 23. Bxe5+ Nxe5 24. Nd6 Bxd6 25. cxd6 Nxd3 26. Rxd3 Rc2 27. e4 Qxd6
28. Qd4+ Kg8 29. e5 Qc6 30. Rd2 a5 31. Rgd1 Rc8 32. Qe3 Rxd2 33. Rxd2 Qc4 34.
Kg2 Qh4 35. f4 Qe1 36. Qd4 Rc4 37. Qb6 h5 0-1

[Event "España 1a División 2014"]
[Site "Linares ESP"]
[Date "2014.09.10"]
[Round "9.1"]
[White "Almagro Llamas, Pablo"]
[Black "Silva Rodriguez, Julio"]
[Result "1-0"]
[WhiteElo "2491"]
[BlackElo "2255"]
[PlyCount "53"]
[EventDate "2014.09.04"]
[EventType "team-tourn"]
[EventRounds "9"]
[EventCountry "ESP"]
[Source "lmi"]
[SourceDate "2014.09.04"]
[WhiteTeam "VTI ATOCHA"]
[BlackTeam "C.A. EVA-MANISES"]

1. d4 Nf6 2. Nf3 e6 3. e3 d5 4. c4 a6 5. Nc3 dxc4 6. Bxc4 b5 7. Bb3 Bb7 8. O-O
c5 9. e4 Nbd7 10. e5 Ne4 11. Nxe4 Bxe4 12. Ng5 Bg6 13. Qf3 Ra7 14. d5 c4 15.
dxe6 Nxe5 16. Qe3 Qb8 17. exf7+ Bxf7 18. Bc2 Be7 19. Re1 Ng4 20. Qh3 Qc8 21.
Be3 Rc7 22. Bd4 Kf8 23. Nxf7 Kxf7 24. Qh5+ Kf8 25. Bf5 g6 26. Bxc8 gxh5 27.
Bxg4 1-0

[Event "España 1a División 2014"]
[Site "Linares ESP"]
[Date "2014.09.10"]
[Round "9.1"]
[White "Silva Rodriguez, Fernando"]
[Black "Rubio Mejia, Luis Ignacio"]
[Result "1-0"]
[WhiteElo "2244"]
[BlackElo "2470"]
[PlyCount "99"]
[EventDate "2014.09.04"]
[EventType "team-tourn"]
[EventRounds "9"]
[EventCountry "ESP"]
[Source "lmi"]
[SourceDate "2014.09.04"]
[WhiteTeam "C.A. EVA-MANISES"]
[BlackTeam "VTI ATOCHA"]

1. d4 Nf6 2. c4 e6 3. Nf3 b6 4. g3 Bb7 5. Bg2 Be7 6. O-O O-O 7. Re1 c5 8. d5
exd5 9. Nh4 Ne4 10. cxd5 Bxh4 11. Bxe4 Bf6 12. Qc2 g6 13. Bh6 Re8 14. Nd2 d6
15. a4 Na6 16. Bg2 Nb4 17. Qb3 Bg5 18. Bxg5 Qxg5 19. Nc4 Rad8 20. e4 Ba6 21.
Rad1 Qf6 22. Ne3 h5 23. Nc2 Nxc2 24. Qxc2 g5 25. Re3 Re5 26. f3 Rde8 27. Qf2
R5e7 28. f4 Bc8 29. Rde1 Qd4 30. fxg5 Qg7 31. h4 Bg4 32. Kh2 Re5 33. Rf1 Qg6
34. Ra3 R8e7 35. Qf6 Qxf6 36. Rxf6 Rd7 37. Re3 Kg7 38. Re1 Ree7 39. Ref1 Be2
40. R1f4 Bd1 41. Rh6 Rd8 42. Rff6 Bc2 43. Rf4 Rh8 44. Rxd6 Bxa4 45. Rdf6 Bc2
46. d6 Rd7 47. e5 Bg6 48. Bc6 Rdd8 49. d7 Rb8 50. e6 1-0

[Event "España 1a División 2014"]
[Site "Linares ESP"]
[Date "2014.09.10"]
[Round "9.1"]
[White "Larino Nieto, David"]
[Black "Nieves Cabanes, Javier"]
[Result "1-0"]
[WhiteElo "2445"]
[BlackElo "2097"]
[PlyCount "35"]
[EventDate "2014.09.04"]
[EventType "team-tourn"]
[EventRounds "9"]
[EventCountry "ESP"]
[Source "lmi"]
[SourceDate "2014.09.04"]
[WhiteTeam "VTI ATOCHA"]
[BlackTeam "C.A. EVA-MANISES"]

1. Nf3 Nf6 2. b3 e6 3. Bb2 Be7 4. e3 d5 5. d4 Nbd7 6. Nbd2 c5 7. Bd3 O-O 8. O-O
b6 9. Ne5 Bb7 10. f4 Ne4 11. Nxe4 dxe4 12. Bb5 Nf6 13. Kh1 Qc8 14. a4 Nd5 15.
Qe2 f6 16. Bd7 Qc7 17. Bxe6+ Kh8 18. Ng6+ 1-0

[Event "España 1a División 2014"]
[Site "Linares ESP"]
[Date "2014.09.10"]
[Round "9.2"]
[White "Rusev, Krasimir"]
[Black "Rodriguez Fontecha, Marcos"]
[Result "1-0"]
[WhiteElo "2538"]
[BlackElo "2312"]
[PlyCount "59"]
[EventDate "2014.09.04"]
[EventType "team-tourn"]
[EventRounds "9"]
[EventCountry "ESP"]
[Source "lmi"]
[SourceDate "2014.09.04"]
[WhiteTeam "C.A. SILLA – LOPEZ INSTALACIONES"]
[BlackTeam "C.A. SOLVAY - B"]

1. d4 d5 2. Nf3 Nc6 3. e3 Bg4 4. Bb5 a6 5. Bxc6+ bxc6 6. c4 Bxf3 7. Qxf3 e6 8.
O-O f5 9. Qh5+ g6 10. Qd1 Nf6 11. Nd2 Ne4 12. Nxe4 dxe4 13. f3 exf3 14. Qxf3
Qd7 15. b3 Bg7 16. Ba3 Bf8 17. Bxf8 Kxf8 18. Rad1 Kg7 19. e4 Rhf8 20. e5 a5 21.
d5 cxd5 22. cxd5 exd5 23. Rxd5 Qe7 24. Qc3 Kg8 25. Rxa5 Rxa5 26. Qxa5 f4 27.
Qd5+ Kh8 28. e6 Rf5 29. Qd4+ Kg8 30. Rxf4 1-0

[Event "España 1a División 2014"]
[Site "Linares ESP"]
[Date "2014.09.10"]
[Round "9.2"]
[White "Perez Lopez, Jesus Maria"]
[Black "Genov, Petar"]
[Result "0-1"]
[WhiteElo "2275"]
[BlackElo "2443"]
[PlyCount "38"]
[EventDate "2014.09.04"]
[EventType "team-tourn"]
[EventRounds "9"]
[EventCountry "ESP"]
[Source "lmi"]
[SourceDate "2014.09.04"]
[WhiteTeam "C.A. SOLVAY - B"]
[BlackTeam "C.A. SILLA – LOPEZ INSTALACIONES"]

1. d4 Nf6 2. c4 Nc6 3. Nf3 e6 4. Bg5 h6 5. Bxf6 Qxf6 6. Nc3 Bb4 7. Rc1 O-O 8.
a3 Bxc3+ 9. Rxc3 d6 10. e3 e5 11. Be2 Qg6 12. O-O e4 13. Ne1 Bd7 14. f3 exf3
15. Rxf3 Bg4 16. Rf1 Bxe2 17. Qxe2 Rae8 18. Qf2 Qe4 19. Nd3 Qxe3 0-1

[Event "España 1a División 2014"]
[Site "Linares ESP"]
[Date "2014.09.10"]
[Round "9.2"]
[White "Garcia Domingo, Jose Antonio"]
[Black "Perez Ordonez, Joaquin"]
[Result "0-1"]
[WhiteElo "1968"]
[BlackElo "2021"]
[PlyCount "66"]
[EventDate "2014.09.04"]
[EventType "team-tourn"]
[EventRounds "9"]
[EventCountry "ESP"]
[Source "lmi"]
[SourceDate "2014.09.04"]
[WhiteTeam "C.A. SILLA – LOPEZ INSTALACIONES"]
[BlackTeam "C.A. SOLVAY - B"]

1. e4 c5 2. Ne2 Nc6 3. d4 cxd4 4. Nxd4 Nf6 5. Nc3 d6 6. Be2 Bd7 7. O-O g6 8.
Be3 Bg7 9. f3 O-O 10. Qd2 Re8 11. Rfd1 a6 12. a4 Rc8 13. Nxc6 Bxc6 14. a5 Qc7
15. Bb6 Qb8 16. Nd5 Bxd5 17. exd5 Nd7 18. c3 Nxb6 19. axb6 Rc5 20. Ra3 Qd8 21.
Rb3 Qd7 22. Ra1 e6 23. Bxa6 Ra8 24. dxe6 Qxe6 25. Raa3 Ra5 26. Rxa5 Qxb3 27.
Rb5 Qe6 28. Bxb7 Ra1+ 29. Kf2 Bh6 30. Qe2 Bg7 31. Qd2 Qd7 32. Qd5 Qe8 33. Qd2
Qd7 0-1

[Event "España 1a División 2014"]
[Site "Linares ESP"]
[Date "2014.09.10"]
[Round "9.2"]
[White "Ruiz Cuadrado, Fernando"]
[Black "Garcia Molina, Jose"]
[Result "1-0"]
[WhiteElo "1775"]
[BlackElo "1267"]
[PlyCount "35"]
[EventDate "2014.09.04"]
[EventType "team-tourn"]
[EventRounds "9"]
[EventCountry "ESP"]
[Source "lmi"]
[SourceDate "2014.09.04"]
[WhiteTeam "C.A. SOLVAY - B"]
[BlackTeam "C.A. SILLA – LOPEZ INSTALACIONES"]

1. e4 e6 2. Nf3 c5 3. d4 cxd4 4. Nxd4 Nf6 5. Bd3 Nc6 6. Nb3 Be7 7. O-O O-O 8.
f4 d5 9. e5 Nd7 10. Be3 Re8 11. N1d2 Nf8 12. Rf3 b6 13. Rh3 Bb7 14. Bxh7+ Nxh7
15. Qh5 Bh4 16. Rxh4 Kf8 17. Qxh7 Ke7 18. Qxg7 1-0